[Event "BCF-chT 0304 (4NCL)"]
[Site "West Bromwich"]
[Date "2004.03.21"]
[Round "6.5"]
[White "Graham, David Bruce"]
[Black "Kennaugh, Charles"]
[Result "1/2-1/2"]
[WhiteElo "2237"]
[BlackElo "2290"]
[PlyCount "40"]
[EventDate "2003.10.18"]
[EventType "team"]
[EventRounds "11"]
[EventCountry "ENG"]
[SourceTitle "EXT 2005"]
[Source "ChessBase"]
[SourceDate "2004.11.15"]
[SourceVersion "1"]
[SourceVersionDate "2004.11.15"]
[SourceQuality "1"]
[WhiteTeam "The ADS"]
[BlackTeam "Micro Mark NWE"]
[WhiteTeamCountry "ENG"]
[BlackTeamCountry "ENG"]

1. e4 e5 2. Nf3 Nc6 3. d4 exd4 4. c3 d5 5. exd5 Qxd5 6. cxd4 Nf6 7. Nc3 Bb4 8. Be2 Ne4 9. Bd2 Bxc3 10. bxc3 Nxd2 11. Qxd2 0-0 12. 0-0 Qd6 13. Rab1 b6 14. Bd3 h6 15. Rfe1 Bd7 16. d5 Ne7 17. Ne5 Rad8 18. Rb4 Bf5 19. Rd4 Bxd3 20. Qxd3 Qc5 1/2-1/2

[Event "BCF-chT 0304 (4NCL)"]
[Site "West Bromwich"]
[Date "2004.01.18"]
[Round "4.5"]
[White "Kennaugh, Charles"]
[Black "Ansell, Simon"]
[Result "0-1"]
[WhiteElo "2290"]
[BlackElo "2371"]
[PlyCount "92"]
[EventDate "2003.10.18"]
[EventType "team"]
[EventRounds "11"]
[EventCountry "ENG"]
[SourceTitle "EXT 2005"]
[Source "ChessBase"]
[SourceDate "2004.11.15"]
[SourceVersion "1"]
[SourceVersionDate "2004.11.15"]
[SourceQuality "1"]
[WhiteTeam "Micro Mark NWE"]
[BlackTeam "BET"]
[WhiteTeamCountry "ENG"]
[BlackTeamCountry "ENG"]

1. e4 c5 2. Nf3 Nc6 3. d4 cxd4 4. Nxd4 e5 5. Nxc6 bxc6 6. Bc4 Ba6 7. Nd2 Bxc4 8. Nxc4 d6 9. 0-0 Nf6 10. Qd3 Qc7 11. Bd2 Be7 12. Ba5 Qb8 13. Rfe1 0-0 14. b3 d5 15. exd5 e4 16. Rxe4 Nxe4 17. Qxe4 cxd5 18. Qxd5 Bb4 19. Rd1 Bxa5 20. Qxa5 Rd8 21. Rxd8+ Qxd8 22. Qxd8+ Rxd8 23. Kf1 f5 24. Ke2 Kf7 25. a4 g5 26. c3 Ke6 27. Na3 f4 28. Nb5 Rd7 29. Nd4+ Ke5 30. Nf3+ Kf6 31. g4 fxg3 32. fxg3 g4 33. Nd4 Ke5 34. Ke3 Rf7 35. b4 Kd5 36. Kd3 Rf2 37. c4+ Kd6 38. Ke4 Rxh2 39. Nb5+ Kd7 40. Nxa7 Rf2 41. c5 h5 42. b5 h4 43. c6+ Kd6 44. b6 h3 45. b7 Rf8 46. Nc8+ Kc7 0-1